000 00499nam a2200205Ia 4500
005 20260429111839.0
008 260429s9999||||xx |||||||||||||| ||und||
020 _a9789394883611
041 _aEnglish
082 _a515
_bSIN
100 _aSingh, J.P.
245 0 _aCalculus /
_cJ.P. Singh
250 _a2nd ed.
260 _aNew Delhi :
_bAne Books,
_c2025.
300 _axvii, pv. ; hb
650 _a Calculus
650 _a Mathematical analysis
650 _aMathematics
942 _cTB
999 _c51138
_d51138